Minecraftに登場するMob - Statistics

General Stats
  • This quiz has been taken 506 times
  • The average score is 44 of 76
Answer Stats
% Correct
敵対的Mob ゾンビ
95%
ボスMob エンダードラゴン
94%
友好的Mob ウシ
93%
敵対的Mob スケルトン
93%
友好的Mob 村人
92%
友好的Mob ブタ
91%
中立的Mob エンダーマン
89%
ボスMob ウィザー
87%
友好的Mob ヒツジ
85%
敵対的Mob クリーパー
85%
友好的Mob ニワトリ
83%
中立的Mob クモ
79%
中立的Mob ピグリン
78%
友好的Mob ウマ
77%
中立的Mob アイアンゴーレム
75%
友好的Mob サケ
74%
中立的Mob オオカミ
72%
敵対的Mob ウィザースケルトン
72%
友好的Mob ネコ
69%
敵対的Mob ガスト
69%
中立的Mob ゾンビピグリン
67%
敵対的Mob ウィッチ
67%
友好的Mob ウサギ
65%
中立的Mob ラマ
65%
敵対的Mob ブレイズ
65%
友好的Mob タラ
63%
友好的Mob 熱帯魚
62%
友好的Mob ロバ
62%
中立的Mob イルカ
62%
敵対的Mob スライム
61%
敵対的Mob 村人ゾンビ
60%
友好的Mob オウム
59%
友好的Mob スノウゴーレム
58%
敵対的Mob エルダーガーディアン
58%
敵対的Mob エンダーマイト
58%
敵対的Mob ガーディアン
58%
敵対的Mob シルバーフィッシュ
58%
敵対的Mob ハスク
58%
敵対的Mob シュルカー
57%
友好的Mob イカ
56%
敵対的Mob マグマキューブ
56%
友好的Mob フグ
55%
友好的Mob ラバ
55%
中立的Mob シロクマ
55%
中立的Mob パンダ
55%
敵対的Mob ウォーデン
55%
敵対的Mob ドラウンド
54%
敵対的Mob ホグリン
54%
友好的Mob 行商人
53%
敵対的Mob ストレイ
53%
友好的Mob アレイ
50%
中立的Mob ヤギ
50%
友好的Mob コウモリ
49%
中立的Mob 洞窟グモ
49%
友好的Mob ウーパールーパー
48%
友好的Mob カエル
47%
友好的Mob ヤマネコ
47%
敵対的Mob エヴォーカー
47%
友好的Mob キツネ
46%
敵対的Mob ピグリンブルート
45%
友好的Mob スケルトンホース
44%
友好的Mob カメ
42%
敵対的Mob ヴィンディケーター
42%
中立的Mob ミツバチ
40%
敵対的Mob ゾグリン
40%
敵対的Mob ピリジャー
40%
敵対的Mob ファントム
39%
友好的Mob ムーシュルーム
37%
友好的Mob ストライダー
36%
敵対的Mob ヴェックス
36%
敵対的Mob ラヴェジャー
33%
敵対的Mob チキンジョッキー
32%
友好的Mob ヒカリイカ
30%
敵対的Mob スパイダージョッキー
27%
友好的Mob オタマジャクシ
22%
敵対的Mob スケルトンライダー
11%
No matching quizzes found
Score Distribution
Percent of People with Each Score
Percentile by Number Answered
Your Score History
You have not taken this quiz